Capitales commençant par "Port " - Statistiques

Statistiques générales
  • Ce quiz a été pris 197 fois
    143 depuis la dernière actualisation
  • Le résultat moyen est 5 sur 6
Statistiques - réponses
Pays Capitales % Correct
Haïti Port-au-Prince
95%
Papouasie-Nouvelle-Guinée Port Moresby
84%
Bénin Porto-Novo
80%
Trinité-et-Tobago Port-d'Espagne
79%
Maurice Port-Louis
77%
Vanuatu Port-Vila
68%
Aucun quiz correspondant
Distribution des résultats
% des personnes avec chaque résultat
Percentile par nombre de réponses
Votre historique - résultats
Vous n’avez pas pris ce quiz depuis la dernière actualisation